000 00327nam a2200109Ia 4500
008 200302s9999 xx 000 0 und d
100 _aChristian Boch ed.,
245 _aArchitectural Atmospheres on the Experience and Politics of Architecture
260 _bBirkhauser Publishers for Architecture
260 _c2014
300 _a111
999 _c3612
_d3612